Diccionario alemán-español = Deutsch-Spanisches wöterbuch / Emilio M. Martínez Amador ; revisado y ampliado por Francisco M. Biosca
Descripción Física:
1172 p. ; 22 cm
Otros Autores:
Biosca, Francisco M.
MARC
| LEADER | 00000nam a2200000Ia 4500 | ||
|---|---|---|---|
| 001 | 5671 | ||
| 008 | 160829s1961 xx 000 0 cat d | ||
| 080 | |a Sala Tècnica | ||
| 100 | |a Martínez Amador, Emilio M. |9 32278 | ||
| 245 | |a Diccionario alemán-español = Deutsch-Spanisches wöterbuch / Emilio M. Martínez Amador ; revisado y ampliado por Francisco M. Biosca | ||
| 260 | |a Barcelona : |b Ramon Sopena, |c 1961 | ||
| 300 | |a 1172 p. ; |c 22 cm | ||
| 650 | |a Alemany |x Diccionaris |x Castellà |9 32898 | ||
| 650 | |a Castellà |x Diccionaris |x Alemany |9 32899 | ||
| 700 | 1 | |a Biosca, Francisco M. |9 32900 | |
| 901 | |a Arxiu | ||
| 942 | |n 1 | ||
| 952 | |0 0 |1 0 |4 0 |6 SALA_TÈCNICA |7 1 |9 46139 |a Arxiu |b Arxiu |d 2016-12-01 |l 0 |o Sala Tècnica |p 5671 |r 2016-12-01 00:00:00 |w 2016-12-01 |y ARXIU | ||
| 999 | |c 49641 |d 49641 | ||